| 000 | 00999nam a2200277Ia 4500 | ||
|---|---|---|---|
| 003 | IN-BaIIA | ||
| 008 | 211028s9999 xx s 000 0 eng d | ||
| 020 | _a978-3-642-28468-7 (Print) | ||
| 020 | _a978-3-642-28469-4 (Online) | ||
| 022 | _a2191-8112 (Print) | ||
| 022 | _a2191-8120 (Online) | ||
| 040 | _cIIA Library | ||
| 100 |
_aJose Marron, Pedro _939611 |
||
| 245 | 4 |
_aThe Emerging Domain of Cooperating Objects _h[eBook] |
|
| 260 |
_aHeidelberg, Berlin _bSpringer Berlin Heidelberg _c2012 |
||
| 300 | _aOnline resource | ||
| 490 | _aSpringerBriefs in Electrical and Computer Engineering | ||
| 650 | _a Communications Engineering, Networks | ||
| 650 |
_a Information Systems Applications (incl.Internet) _938952 |
||
| 650 |
_a Signal, Image and Speech Processing _938464 |
||
| 650 |
_aEngineering _981 |
||
| 700 |
_aKarnouskos, Stamatis _939612 |
||
| 700 |
_aMinder, Daniel _939613 |
||
| 856 |
_uhttp://doi.org/10.1007/978-3-642-28469-4 _yClick Here to Access eBook |
||
| 942 | _cEB | ||
| 999 |
_c21410 _d21410 |
||